Curriculum y televisión: primeros itinerarios de una agenda teórico metodológica
Bewaard in:
| Hoofdauteurs: | , , |
|---|---|
| Formaat: | Boek |
| Taal: | Spaans |
| Gepubliceerd in: |
Santiago
Ministerio de Educación
1996
|
| Onderwerpen: | |
| Tags: |
Voeg label toe
Geen labels, Wees de eerste die dit record labelt!
|
MARC
| LEADER | 00000nam a2200000 a 4500 | ||
|---|---|---|---|
| 001 | UCP5453 | ||
| 003 | CL-VaPUC | ||
| 008 | 990910e19960000CL |||||||||||||||||spa|d | ||
| 082 | 0 | 4 | |a 371.335 |b OLI |2 21 |
| 100 | |a Olivari Reyes, José Luis |e autor |9 433856 | ||
| 700 | 0 | |a Bonadies Mora, Mario Francisco |e author |9 433857 | |
| 700 | 0 | |a Parga Vega, Patricia |e author |9 433858 | |
| 245 | 1 | 0 | |a Curriculum y televisión: primeros itinerarios de una agenda teórico metodológica |
| 300 | |a 104 p | ||
| 942 | |c BK | ||
| 945 | |d 19990910 00:00:00 |a rbrito | ||
| 260 | |a Santiago |b Ministerio de Educación |c 1996 | ||
| 650 | 0 | |a Currículo |9 307290 | |
| 650 | 0 | |a Desarrollo curricular |9 365285 | |
| 650 | 0 | |a Reforma educacional |9 256319 | |
| 650 | 7 | |a TELEVISION EN LA EDUCACION |2 CL-VaPUC |9 268090 | |
| 583 | |a last modification |c 19990910 00:00:00 |k Rodrigo Vera | ||
| 999 | |c 283200 |d 283198 | ||
| 952 | |0 0 |1 0 |4 0 |6 371_335000000000000_OLI_1996 |7 0 |8 A |9 326066 |a BIBEDU |b BIBEDU |d 2019-11-20 |i 3561739 |o 371.335 OLI 1996 |p 3561739 |r 2019-11-20 |w 2019-11-20 |y BK |k EDU | ||